عرض عادي
عرض مارك
- التعليم العالي.
مدخل مصطلح موضوعي
001 - رقم الضبط
- حقل الضبط: 92850
003 - معرف رقم الضبط
- حقل الضبط: OSt
005 - تاريخ ووقت أخر عملية
- حقل الضبط: 20220629152201.0
008 - عناصر بيانات ثابتة الطول
- حقل تحكم ثابت الطول: 220629|| aca||aabn | a|a d
040 ## - مصدر الفهرسة
- هيئة الفهرسة الأصلية: OSt
- وكالة الكتابة: OSt
150 ## - مدخل-- مصطلح تاريخي
- عنصر مدخل المصطلح الموضوعي او الاسم الجغرافي: التعليم العالي.
670 ## - بيانات المصدر موجوده
- الاستشهاد بالمصدر: Work cat.: (OSt): الاعرجي، نبيل هاشم. 92848, الجودة في التعليم العالي / , 2015
